000 00951cad a22002895a 4500
001 L159623
008 080311s2017 xxkd f s 000 0 eng d
020 _a9780620757355
035 _a(Sirsi) u159623
041 0 _aeng
050 0 4 _a338.4569 $2 18
110 2 _aAECOM
245 0 0 _aAfrica property & construction cost guide 2017
_h[electronic resource]
260 _a[S.l.]
_bAECOM
_c2017
520 _aReports on AECOM activities in Africa and the state of African costruction sector.
521 2 _aAdvanced
590 _aKA
650 2 4 _aCONSTRUCTION COSTS
650 2 4 _aSOUTH AFRICA
650 2 4 _aCOST MANAGEMENT
_96233
650 2 4 _aCONSTRUCTION RATES
651 4 _aAfrica
690 _aBUILT ENVIRONMENT-CONSTRUCTION MARKET
710 1 _aAECOM
856 4 0 _uhttps://www.aecom.com/za/wp-content/uploads/2017/06/AECOM-Property-Construction-Cost-Guide-2017.pdf
_zView the item free of charge at www.aecom.com...
942 _n0
999 _c116057
_d116057